000 00309nam a2200121Ia 4500
008 150201s2010 xx 000 0 und d
082 _a617.7
_bM010P
100 _aPANDA,ANITA
245 _aTECHNIQUES OF MANNUAL SMALL INCESSION CAT. SURGERY
260 _bCBS
_aDELHI
_c2010
650 _aSURGERY
942 _2ddc
_cBK
999 _c689
_d689